000 00585nam a2200229Ia 4500
003 OSt
005 20221006165325.0
006 a|||||r|||| 00| 0
007 ta
008 221006b |||||||| |||| 00| 0 eng d
024 _a677
037 _cTextual
040 _aFML
_cFML
_beng
041 _2eng
_aeng
082 _aNR44, M6
100 _aFiroze Framjee Au.
_9679589
245 0 _aText Book of Indian Music
260 _aHathras
_bSakhee Prakashan
300 _a1986
_ccm.
942 _hNR44, M6
_cTEXL
_2CC
999 _c1120428
_d1120428